[Event "104th ch-GBR 2017"]
[Site "Llandudno WLS"]
[Date "2017.08.05"]
[Round "8.33"]
[White "Taylor, Adam A"]
[Black "Pleasants, Allan J"]
[Result "1-0"]
[WhiteElo "2165"]
[BlackElo "2103"]
[WhiteFideId "415790"]
[BlackFideId "411337"]
[EventDate "2017.07.29"]

1. Nf3 g6 2. g3 Bg7 3. d4 c5 4. c4 cxd4 5. Nxd4 Nc6 6. Nb3 h5 7. h4 a5 8. e3 Nh6
9. Nc3 Nf5 10. e4 Nfd4 11. Nxd4 Bxd4 12. Nb5 Bg7 13. Be3 d6 14. c5 O-O 15. cxd6
Bxb2 16. Rb1 Bg7 17. Bg5 f6 18. Bc4+ Kh7 19. Bf4 Ne5 20. Be2 Bd7 21. O-O Rb8 22.
Nc3 Bc6 23. dxe7 Qxe7 24. Nd5 Qe6 25. Rb6 Rbd8 26. Re1 Qf7 27. Qb3 Rd7 28. Bf1
Re8 29. Rd1 a4 30. Qb1 Bf8 31. Bxe5 Bxd5 32. Rxf6 Qg8 33. Rxd5 Rxd5 34. exd5
Rxe5 35. Qxb7+ Re7 36. Qc6 Bg7 37. Rxg6 Qf7 38. Re6 Bd4 39. Qc2+ Kg7 40. Rxe7 1-0

[Event "104th ch-GBR 2017"]
[Site "Llandudno WLS"]
[Date "2017.08.05"]
[Round "8.34"]
[White "Willow, Jonah B"]
[Black "Abrahams, Daniel"]
[Result "1-0"]
[WhiteElo "2077"]
[BlackElo "2162"]
[WhiteFideId "438804"]
[BlackFideId "2606879"]
[EventDate "2017.07.29"]

1. e4 c5 2. Nf3 e6 3. d4 cxd4 4. Nxd4 a6 5. Nc3 Qc7 6. g3 Nf6 7. Bg2 Bb4 8. Ne2
Nc6 9. Bf4 Ne5 10. Qd4 Bxc3+ 11. Nxc3 d6 12. O-O-O Ke7 13. Qb4 Nfd7 14. Rd5 Qb6
15. Qxb6 Nxb6 16. Bxe5 Nxd5 17. Nxd5+ exd5 18. Bxg7 Rg8 19. Bd4 Be6 20. exd5 Bf5
21. Kd2 Kd7 22. Bb6 Rae8 23. c4 Re7 24. b4 Rge8 25. Be3 Kc7 26. c5 Be4 27. f3
Bxf3 28. cxd6+ Kd7 29. dxe7 Bxg2 30. Rc1 Bxd5 31. Bg5 Bxa2 32. Ke3 Ke6 33. Rf1
Bd5 34. Kd4 Bb3 35. Rf3 Ba2 36. Rf6+ Kd7 37. Rh6 Rg8 38. h4 Bb1 39. Rb6 Kc7 40.
Rf6 Bg6 41. Ke5 Re8 42. Rd6 f6+ 43. Bxf6 b6 44. Rd8 a5 45. b5 h5 46. Ke6 a4 47.
Be5+ Kb7 48. Kd7 1-0

[Event "104th ch-GBR 2017"]
[Site "Llandudno WLS"]
[Date "2017.08.05"]
[Round "8.35"]
[White "Coathup, Roger H"]
[Black "Byron, Alan M"]
[Result "1/2-1/2"]
[WhiteElo "2151"]
[BlackElo "2064"]
[WhiteFideId "407062"]
[BlackFideId "401773"]
[EventDate "2017.07.29"]

1. d4 Nf6 2. c4 g6 3. Nc3 Bg7 4. e4 d6 5. Be2 O-O 6. Bg5 Na6 7. Qd2 c6 8. Nf3
Bg4 9. Rd1 Nc7 10. O-O b5 11. e5 Nfe8 12. h3 Bd7 13. Rfe1 bxc4 14. Bxc4 Be6 15.
d5 cxd5 16. Nxd5 Nxd5 17. Bxd5 Bxd5 18. Qxd5 Nc7 19. Qa5 f6 20. exd6 exd6 21.
Bf4 Ne8 22. Qd5+ Rf7 23. Bxd6 Nxd6 24. Qxd6 Qxd6 25. Rxd6 Bf8 26. Rc6 Rb8 27.
Re2 Rb4 28. b3 Rb6 29. Rec2 Rd7 30. Rc8 Kf7 31. Nd2 Re6 32. R8c7 Ke8 33. Rxd7
Re1+ 34. Kh2 Kxd7 35. Nc4 Be7 36. g3 h5 37. Kg2 g5 38. Ne3 a5 39. Kf3 Rh1 40.
Kg2 Ra1 41. Nf5 Bf8 42. h4 Rd1 43. Kf3 Ke6 44. Ne3 Ra1 45. Rc6+ Kf7 46. Rc2 Ke6
47. Re2 Kf7 48. Ke4 Bc5 49. Rc2 Bxe3 50. Kxe3 Kg6 51. hxg5 fxg5 52. Rc6+ Kh7 53.
Rc5 Rxa2 54. Rxg5 Kh6 55. Rb5 a4 56. b4 Rb2 57. f3 a3 58. Ra5 Rb3+ 59. Kf2 Rb2+
60. Ke3 Rb3+ 1/2-1/2

[Event "104th ch-GBR 2017"]
[Site "Llandudno WLS"]
[Date "2017.08.05"]
[Round "8.36"]
[White "Munshi, Aditya"]
[Black "Coleman, David J"]
[Result "0-1"]
[BlackTitle "CM"]
[WhiteElo "1901"]
[BlackElo "2135"]
[WhiteFideId "436720"]
[BlackFideId "402087"]
[EventDate "2017.07.29"]

1. c4 c5 2. g3 g6 3. Bg2 Bg7 4. Nc3 Nc6 5. Nf3 d6 6. O-O Qd7 7. d3 b6 8. Bd2 Bb7
9. Rb1 e6 10. a3 Nge7 11. b4 O-O 12. b5 Nd4 13. e3 Nxf3+ 14. Bxf3 d5 15. cxd5
Nxd5 16. d4 cxd4 17. exd4 Rfd8 18. Ne2 Ne7 19. Bxb7 Qxb7 20. Qa4 Nf5 21. Rb4 Rd7
22. Rc4 Qf3 23. Re1 Rad8 24. Bc3 Nd6 25. Rb4 Ne4 0-1

[Event "104th ch-GBR 2017"]
[Site "Llandudno WLS"]
[Date "2017.08.05"]
[Round "8.37"]
[White "Willson, Ollie"]
[Black "Burrows, Martin P"]
[Result "1/2-1/2"]
[WhiteElo "2032"]
[BlackElo "2115"]
[WhiteFideId "424714"]
[BlackFideId "409057"]
[EventDate "2017.07.29"]

1. d4 Nf6 2. c4 e6 3. Nf3 b6 4. g3 Ba6 5. b3 Bb7 6. Bg2 Bb4+ 7. Bd2 a5 8. O-O
O-O 9. Nc3 d6 10. Qc2 Nbd7 11. Rfd1 Bxc3 12. Bxc3 Be4 13. Qc1 c6 14. Qf4 d5 15.
Bb2 Qb8 16. Qd2 b5 17. cxb5 cxb5 18. Rdc1 b4 19. a3 Qb6 20. a4 Rac8 1/2-1/2

[Event "104th ch-GBR 2017"]
[Site "Llandudno WLS"]
[Date "2017.08.05"]
[Round "8.39"]
[White "Maroroa, Sue"]
[Black "Cocks, Elliot"]
[Result "1-0"]
[WhiteTitle "WIM"]
[WhiteElo "2116"]
[BlackElo "2036"]
[WhiteFideId "4301498"]
[BlackFideId "444545"]
[EventDate "2017.07.29"]

1. e4 c5 2. Nf3 d6 3. c3 Nf6 4. Be2 Nc6 5. d4 cxd4 6. cxd4 Nxe4 7. d5 Qa5+ 8.
Nc3 Nxc3 9. bxc3 Ne5 10. Nxe5 dxe5 11. O-O Bd7 12. Qb3 b6 13. a4 Rc8 14. Bb2 g6
15. Bb5 Bg7 16. c4 Qd2 17. Rfd1 Qf4 18. Bxd7+ Kxd7 19. Qb5+ Kd8 20. Rac1 Rc5 21.
Qa6 Ra5 22. Qb7 Qf6 23. Ba3 Bf8 24. c5 bxc5 25. Bxc5 Qa6 26. Bxe7+ 1-0

[Event "104th ch-GBR 2017"]
[Site "Llandudno WLS"]
[Date "2017.08.05"]
[Round "8.40"]
[White "Waddington, Mike P"]
[Black "Brewer, Callum D"]
[Result "1-0"]
[WhiteTitle "FM"]
[WhiteElo "2070"]
[BlackElo "2015"]
[WhiteFideId "410497"]
[BlackFideId "435309"]
[EventDate "2017.07.29"]

1. c4 e6 2. Nc3 d5 3. e3 Nf6 4. Nf3 Be7 5. b3 c5 6. cxd5 exd5 7. d4 O-O 8. Be2
Nc6 9. O-O h6 10. Bb2 Be6 11. Rc1 Nd7 12. dxc5 Nxc5 13. Nd4 Bd6 14. Ncb5 Be7 15.
Bg4 a6 16. Nxc6 bxc6 17. Nd4 Rc8 18. Rxc5 Bxc5 19. Nxe6 fxe6 20. Bxe6+ Kh8 21.
Qh5 Kh7 22. Rc1 Bd6 23. Bf5+ Rxf5 24. Qxf5+ Kg8 25. Qg6 Qe7 26. Bxg7 Bxh2+ 27.
Kxh2 Qxg7 28. Qe6+ 1-0

[Event "104th ch-GBR 2017"]
[Site "Llandudno WLS"]
[Date "2017.08.05"]
[Round "8.41"]
[White "Shepherd, Katherine M"]
[Black "Taylor, William J"]
[Result "1/2-1/2"]
[WhiteElo "1929"]
[BlackElo "2048"]
[WhiteFideId "412031"]
[BlackFideId "423130"]
[EventDate "2017.07.29"]

1. d4 Nf6 2. Bf4 g6 3. Nc3 d5 4. e3 Bg7 5. h4 c5 6. Nb5 Na6 7. a4 O-O 8. c3 Re8
9. Be2 h6 10. Nf3 Bg4 11. Ne5 Bxe2 12. Qxe2 Nd7 13. Qg4 Nxe5 14. dxe5 Qc8 15.
Qf3 Qe6 16. Rd1 Red8 17. Qh3 Qc6 18. Qg4 h5 19. Qg5 Nc7 20. Qxe7 Rd7 21. Qg5
Nxb5 22. axb5 Qe6 23. g4 Qxg4 24. Qxg4 hxg4 25. Rg1 Re8 26. Rxg4 Bxe5 27. Bxe5
Rxe5 28. Ra1 b6 29. Raa4 Kg7 30. Rg5 f6 31. Rxe5 fxe5 32. Rg4 Kf6 33. Ke2 c4 34.
b3 cxb3 35. Rb4 Rh7 36. Kd2 e4 37. Rxb3 Rxh4 38. Ra3 Rh7 39. Ra4 Rc7 40. Ra3 Kf5
41. Ra4 Kg4 42. Rd4 Rc5 43. Ra4 Rxb5 44. Rxa7 g5 45. Rf7 Kh3 46. Rf5 Kg4 47. Rf6
Rb2+ 48. Ke1 Rc2 49. Rxb6 Rxc3 50. Rd6 Rc1+ 51. Kd2 Rc5 52. Ke2 Ra5 53. Rd8 Rb5
54. Rd7 Kf5 55. Rf7+ Ke6 56. Rg7 Kf6 57. Rd7 Rb2+ 58. Ke1 Ke6 59. Rg7 Rb1+ 60.
Ke2 Rg1 61. Rg8 Ke7 62. Rg7+ Kf6 63. Rg8 Rb1 64. Rd8 Ke5 65. Rg8 Rb2+ 66. Ke1
Kf5 67. Rd8 Rb5 68. Ke2 Kg4 69. Rd7 Kh3 70. Rh7+ Kg4 71. Rd7 Ra5 72. Rd8 Kh3 73.
Rh8+ Kg2 74. Rg8 Ra2+ 75. Ke1 Kf3 76. Rf8+ Kg4 77. Rd8 Ra5 78. Ke2 Kf5 79. Rd7
Ke5 80. Rg7 Kf6 81. Rd7 Ra2+ 82. Ke1 Ke6 83. Rg7 Ra1+ 84. Ke2 Rg1 85. Rg8 Kf6
86. Rd8 g4 87. Rxd5 g3 88. fxg3 Rg2+ 89. Kf1 Rxg3 90. Kf2 Rh3 91. Ra5 Rf3+ 92.
Ke2 Rh3 93. Kf2 Rf3+ 94. Ke2 Rf5 95. Ra6+ Kg5 96. Re6 Ra5 97. Rxe4 Kf5 98. Re8
Re5 99. Rf8+ Ke4 100. Rf4+ Kd5 101. Kf3 Ke6 102. e4 Ra5 103. Rf8 Ke7 104. Rb8
Ra6 105. Rb7+ Ke6 106. Kf4 Rc6 107. Rh7 Rc5 108. Rh6+ Ke7 109. Ra6 Rb5 110. Ra7+
Ke8 111. e5 Rb6 112. Kf5 Rc6 113. Rh7 Ra6 114. Rb7 Rc6 115. e6 Rc1 116. Kf6 Rf1+
117. Ke5 Re1+ 118. Kd6 Rd1+ 119. Kc6 Rc1+ 120. Kd5 Rd1+ 121. Kc4 Rc1+ 122. Kd4
Rd1+ 123. Ke5 1/2-1/2

[Event "104th ch-GBR 2017"]
[Site "Llandudno WLS"]
[Date "2017.08.05"]
[Round "8.42"]
[White "Lentzos, Ioanis"]
[Black "Fathallah, Joe"]
[Result "1-0"]
[WhiteElo "2038"]
[BlackElo "1919"]
[WhiteFideId "4255470"]
[BlackFideId "1801899"]
[EventDate "2017.07.29"]

1. e4 e6 2. d4 d5 3. Nd2 Nc6 4. Ngf3 Nf6 5. e5 Nd7 6. c3 f6 7. Bd3 fxe5 8. dxe5
Ndxe5 9. Nxe5 Nxe5 10. Qh5+ Nf7 11. Bxh7 Qg5 12. Qxg5 Nxg5 13. Bg6+ Kd7 14. f4
Nh7 15. Nf3 Nf6 16. Ne5+ Ke7 17. O-O Bd7 18. Bd2 Be8 19. Rae1 Rg8 20. Bd3 Kd8
21. Nf3 Bc5+ 22. Be3 Bd6 23. Ng5 e5 24. fxe5 Bxe5 25. Bc5 Nd7 26. Ne6+ Kc8 27.
Bf5 Bf6 28. Nd4 Kd8 29. Ne6+ Kc8 30. Bf2 g6 31. Bh3 g5 32. Bf5 Bg6 33. Bxg6 Rxg6
34. Bg3 Be5 35. Nf8 Rf6 36. Rxf6 Bxf6 37. Re8+ Bd8 38. Ne6 1-0

[Event "104th ch-GBR 2017"]
[Site "Llandudno WLS"]
[Date "2017.08.05"]
[Round "8.44"]
[White "Kalaiyalahan, Akshaya"]
[Black "Haridas, Girinath"]
[Result "1-0"]
[WhiteTitle "FM"]
[WhiteElo "2127"]
[BlackElo "1977"]
[WhiteFideId "422894"]
[BlackFideId "427144"]
[EventDate "2017.07.29"]

1. d4 Nf6 2. c4 g6 3. Nf3 Bg7 4. g3 O-O 5. Bg2 d6 6. Nc3 Nc6 7. O-O a6 8. Qc2
Rb8 9. e4 Bg4 10. Be3 Bxf3 11. Bxf3 e5 12. d5 Nd4 13. Bxd4 exd4 14. Ne2 Nd7 15.
Rad1 c5 16. dxc6 bxc6 17. Nxd4 Bxd4 18. Rxd4 Qf6 19. Qd1 Ne5 20. Bg2 Rxb2 21.
Rxd6 Qe7 22. c5 Rxa2 23. Qd4 Ra3 24. Qb4 Ra2 25. h3 Qc7 26. Qd4 f6 27. f4 Nf7
28. Rd7 Qc8 29. Rd1 a5 30. Qxf6 Qa6 31. Bf1 Re2 32. Rxf7 1-0

[Event "104th ch-GBR 2017"]
[Site "Llandudno WLS"]
[Date "2017.08.05"]
[Round "8.45"]
[White "Zhu, Richard"]
[Black "Cole, James"]
[Result "1/2-1/2"]
[WhiteElo "2036"]
[BlackElo "1950"]
[WhiteFideId "426377"]
[BlackFideId "431818"]
[EventDate "2017.07.29"]

1. d4 Nf6 2. c4 c5 3. d5 b5 4. cxb5 a6 5. bxa6 g6 6. Nc3 Bxa6 7. Nf3 Bg7 8. g3
d6 9. e4 Bxf1 10. Kxf1 O-O 11. Kg2 Nbd7 12. Qc2 Ng4 13. Rb1 Qa5 14. Bd2 Rfb8 15.
h3 Nge5 16. Nxe5 Nxe5 17. b3 c4 18. f4 cxb3 19. axb3 Nd7 20. Na4 Qb5 21. Bc3 Rc8
22. Rhe1 Nb6 23. Qe2 Qxe2+ 24. Rxe2 Nxa4 25. Bxg7 Kxg7 26. bxa4 Rxa4 27. Rb7 Kf8
28. e5 Ra3 29. g4 Rcc3 30. exd6 exd6 31. g5 Rg3+ 32. Kf1 Raf3+ 33. Rf2 Rxh3 34.
Rb8+ Kg7 35. Rd8 h6 36. gxh6+ Kxh6 37. Rxd6 Rxf2+ 38. Kxf2 Kg7 39. Ra6 Kf8 40.
Ra8+ Ke7 1/2-1/2

[Event "104th ch-GBR 2017"]
[Site "Llandudno WLS"]
[Date "2017.08.05"]
[Round "8.46"]
[White "Moore, Geoffrey R"]
[Black "Anilkumar, Anantha P"]
[Result "1/2-1/2"]
[WhiteElo "2023"]
[BlackElo "1932"]
[WhiteFideId "446181"]
[BlackFideId "424730"]
[EventDate "2017.07.29"]

1. e4 c5 2. Nf3 d6 3. Bb5+ Bd7 4. Bxd7+ Qxd7 5. c4 Nc6 6. O-O Nd4 7. Nxd4 cxd4
8. d3 g6 9. f4 Bg7 10. Nd2 Nh6 11. h3 f5 12. Qe1 e6 13. Nf3 O-O-O 14. e5 dxe5
15. Nxe5 Bxe5 16. Qxe5 Nf7 17. Qa5 Kb8 18. b4 h6 19. b5 g5 20. Qe1 Rdg8 21. fxg5
hxg5 22. a4 g4 23. h4 e5 24. Qf2 g3 25. Qxf5 Qe7 26. Qf6 Qxf6 27. Rxf6 Rg7 28.
Bg5 Nxg5 29. hxg5 Rxg5 30. Raf1 e4 31. Rf8+ Rxf8 32. Rxf8+ Kc7 33. dxe4 Rc5 34.
Rg8 Rxc4 35. Rxg3 Rxa4 36. Rg7+ Kd6 37. Rxb7 Ke5 38. Re7+ 1/2-1/2

[Event "104th ch-GBR 2017"]
[Site "Llandudno WLS"]
[Date "2017.08.05"]
[Round "8.47"]
[White "Ashworth, Michael"]
[Black "Ahluwalia, Amardip"]
[Result "0-1"]
[WhiteElo "1946"]
[BlackElo "1995"]
[WhiteFideId "425044"]
[BlackFideId "437085"]
[EventDate "2017.07.29"]

1. Nf3 Nf6 2. g3 g6 3. Bg2 Bg7 4. O-O O-O 5. c4 c6 6. Nc3 d5 7. d4 dxc4 8. Ne5
Ng4 9. Nf3 Nd7 10. e4 Ngf6 11. Re1 b5 12. e5 Nd5 13. e6 fxe6 14. Ng5 N7b6 15.
Nxe6 Bxe6 16. Rxe6 Rf6 17. Qe2 Qd7 18. Re4 Raf8 19. Bd2 Rxf2 20. Qxf2 Rxf2 21.
Kxf2 Nf6 22. Re2 Qxd4+ 23. Kf1 Ng4 24. Bh1 b4 25. Ne4 Qxb2 26. Bc3 Nxh2+ 27. Kf2
Bd4+ 28. Ke1 Bxc3+ 0-1

[Event "104th ch-GBR 2017"]
[Site "Llandudno WLS"]
[Date "2017.08.05"]
[Round "8.48"]
[White "Golding, James"]
[Black "Davis, Lee"]
[Result "1-0"]
[WhiteElo "1942"]
[BlackElo "1952"]
[WhiteFideId "427250"]
[BlackFideId "1801325"]
[EventDate "2017.07.29"]

1. d4 Nf6 2. c4 e6 3. Nf3 b6 4. e3 Bb7 5. Bd3 Bb4+ 6. Nbd2 c5 7. O-O cxd4 8.
Nxd4 O-O 9. a3 Be7 10. b3 d5 11. Bb2 Nbd7 12. Rc1 Nc5 13. Bb1 dxc4 14. Nxc4 Qd5
15. f3 Qg5 16. Qc2 Qh6 17. b4 Ncd7 18. Rfe1 Rac8 19. Qb3 Bd5 20. e4 Bxc4 21.
Rxc4 Bd6 22. g3 Ne5 23. Rcc1 Bb8 24. f4 Nfg4 25. Re2 Rxc1+ 26. Bxc1 Ng6 27. Nxe6
Qh3 28. Ng5 Qh5 29. Ba2 N4e5 30. Rf2 Rc8 31. Bb2 Nc4 32. Qc3 Be5 33. fxe5 Qg4
34. Bxc4 1-0

[Event "104th ch-GBR 2017"]
[Site "Llandudno WLS"]
[Date "2017.08.05"]
[Round "8.49"]
[White "Modi, Shyam Jagdish"]
[Black "Howell, Oliver W"]
[Result "1/2-1/2"]
[WhiteElo "1908"]
[BlackElo "1701"]
[WhiteFideId "446025"]
[BlackFideId "435929"]
[EventDate "2017.07.29"]

1. d4 e6 2. Nf3 f5 3. g3 Nf6 4. Bg2 Be7 5. c4 O-O 6. O-O d6 7. Nc3 Qe8 8. b3 Qh5
9. Ba3 Nbd7 10. Qd3 Rf7 11. Rfe1 e5 12. Qd2 1/2-1/2

[Event "104th ch-GBR 2017"]
[Site "Llandudno WLS"]
[Date "2017.08.05"]
[Round "8.50"]
[White "Hewson, Brian W R"]
[Black "Garnett, John S"]
[Result "1-0"]
[WhiteElo "2023"]
[BlackElo "2005"]
[WhiteFideId "437484"]
[BlackFideId "410829"]
[EventDate "2017.07.29"]

1. d4 Nf6 2. Nf3 d5 3. c4 c6 4. e3 Bg4 5. Qb3 Qc7 6. Ne5 Bf5 7. Nc3 e6 8. Be2
Bd6 9. f4 O-O 10. Bd2 Bxe5 11. fxe5 Ne4 12. Nxe4 Bxe4 13. Bb4 Re8 14. O-O Nd7
15. Bd6 dxc4 16. Bxc4 Qb6 17. Rf4 Bg6 18. Rc1 Rad8 19. Qa3 a6 20. Be2 f6 21. Be7
Rc8 22. exf6 gxf6 23. Bxf6 Nxf6 24. Rxf6 e5 25. Qd6 Kg7 26. Rf2 Qd8 27. dxe5
Qxd6 28. exd6 Rcd8 29. Rd1 Rxe3 30. Bg4 Bf7 31. a3 Be6 32. Bxe6 Rxe6 33. d7 Re5
34. Rfd2 Kf6 35. h3 h5 36. Kh2 Ke6 37. Rd6+ Kf5 38. R1d2 Rb5 39. Kg3 Kg5 40. Rf2
h4+ 41. Kh2 Rd5 42. Rd2 Rxd2 43. Rxd2 Kf6 44. Rd4 Kg5 45. b4 b6 46. Rd6 c5 47.
bxc5 bxc5 48. Rd5+ Kf4 49. Rxc5 Rxd7 50. Rh5 Rd6 51. Rxh4+ Kg5 52. Ra4 Rc6 53.
h4+ Kh5 54. Kh3 Rd6 55. g3 Rc6 56. Rd4 Re6 57. a4 Rc6 58. g4+ Kh6 59. h5 a5 60.
Kh4 Ra6 61. g5+ Kh7 62. Rd7+ Kh8 63. g6 Kg8 64. Kg5 Ra8 65. h6 Kh8 66. Rd5 Kg8
67. h7+ Kg7 68. Rd7+ Kh8 69. Kh6 1-0

[Event "104th ch-GBR 2017"]
[Site "Llandudno WLS"]
[Date "2017.08.06"]
[Round "9.1"]
[White "McShane, Luke J"]
[Black "Jones, Gawain C B"]
[Result "1/2-1/2"]
[WhiteTitle "GM"]
[BlackTitle "GM"]
[WhiteElo "2644"]
[BlackElo "2660"]
[WhiteFideId "404853"]
[BlackFideId "409561"]
[EventDate "2017.07.29"]

1. e4 e5 2. Nf3 Nc6 3. Bb5 a6 4. Ba4 Nf6 5. O-O b5 6. Bb3 Bc5 7. c3 d6 8. d4 Bb6
9. a4 Rb8 10. axb5 axb5 11. Qd3 Bd7 12. Be3 h6 13. dxe5 Nxe5 14. Nxe5 dxe5 15.
Nd2 O-O 16. Rfe1 1/2-1/2

[Event "104th ch-GBR 2017"]
[Site "Llandudno WLS"]
[Date "2017.08.06"]
[Round "9.2"]
[White "Howell, David W L"]
[Black "Emms, John M"]
[Result "1-0"]
[WhiteTitle "GM"]
[BlackTitle "GM"]
[WhiteElo "2702"]
[BlackElo "2468"]
[WhiteFideId "410608"]
[BlackFideId "400254"]
[EventDate "2017.07.29"]

1. d4 Nf6 2. Nc3 d5 3. Bf4 c5 4. e3 cxd4 5. exd4 a6 6. Nf3 Nc6 7. Ne5 e6 8. Nxc6
bxc6 9. Na4 Bd6 10. Bg3 Qc7 11. Bd3 O-O 12. O-O e5 13. dxe5 Bxe5 14. c4 Bxg3 15.
hxg3 dxc4 16. Bxc4 Bf5 17. Re1 Rad8 18. Qf3 Bg4 19. Qe3 a5 20. Qe5 Qa7 21. Qc5
Qxc5 22. Nxc5 Rd2 23. b3 Nd7 24. Nb7 Ra8 25. Re7 Be6 26. Bxe6 fxe6 27. a4 Rd5
28. Rc1 Rc8 29. Rxe6 Rb8 30. Nd6 Nf8 31. Re8 Rxb3 32. Ne4 Rbd3 33. Ra8 h6 34. f3
Rd1+ 35. Rxd1 Rxd1+ 36. Kf2 Rd5 37. Ke3 Kf7 38. Ra6 Ne6 39. Rxc6 Rd1 40. Ra6 Ra1
41. Ra7+ Kg6 42. Ra6 Kf7 43. Ra7+ Kg6 44. Rxa5 Ra3+ 45. Kd2 Ra2+ 46. Kc3 Rxg2
47. Re5 Kf7 48. a5 Ra2 49. Kb3 Ra1 50. Nc3 Kf6 51. f4 g5 52. Ne4+ Kf7 53. fxg5
hxg5 54. Nxg5+ Nxg5 55. Rxg5 Kf6 56. Rc5 Ke6 57. Kb4 Rb1+ 58. Ka4 Ra1+ 59. Kb5
Kd6 60. Rc4 Rb1+ 61. Rb4 Ra1 62. Kb6 Kd7 63. a6 Kc8 64. a7 Ra2 65. g4 1-0

[Event "104th ch-GBR 2017"]
[Site "Llandudno WLS"]
[Date "2017.08.06"]
[Round "9.3"]
[White "Zhou, Yang-Fan"]
[Black "Hanley, Craig A"]
[Result "0-1"]
[WhiteTitle "IM"]
[BlackTitle "IM"]
[WhiteElo "2468"]
[BlackElo "2441"]
[WhiteFideId "468584"]
[BlackFideId "408514"]
[EventDate "2017.07.29"]

1. e4 c5 2. Nf3 d6 3. d4 cxd4 4. Nxd4 Nf6 5. Nc3 a6 6. Qd3 Nbd7 7. Be2 Nc5 8.
Qe3 e5 9. Nb3 Be6 10. Nxc5 dxc5 11. Qg3 Be7 12. Qxe5 O-O 13. Qg3 Re8 14. O-O Qb6
15. f4 Rad8 16. f5 Bd6 17. Bf4 Bxf4 18. Rxf4 Bc4 19. Bxc4 Nh5 20. Qg4 Nxf4 21.
Rb1 Qf6 22. Bf1 Qd4+ 23. Kh1 Nd5 24. Nxd5 Rxd5 25. Re1 Qf2 26. Rc1 h5 27. Qf3
Qd2 28. Ra1 Rd4 29. Qxh5 Rdxe4 30. f6 g6 31. Qxc5 Qf4 32. Qc3 Qf2 33. h3 Re1 34.
Rxe1 Rxe1 35. Kh2 Qf4+ 0-1

[Event "104th ch-GBR 2017"]
[Site "Llandudno WLS"]
[Date "2017.08.06"]
[Round "9.4"]
[White "Gormally, Daniel W"]
[Black "Ghasi, Ameet K"]
[Result "0-1"]
[WhiteTitle "GM"]
[BlackTitle "IM"]
[WhiteElo "2462"]
[BlackElo "2467"]
[WhiteFideId "406465"]
[BlackFideId "409200"]
[EventDate "2017.07.29"]

1. e4 d6 2. d4 Nf6 3. Nc3 g6 4. Be3 Bg7 5. Qd2 c6 6. Nf3 O-O 7. h3 Nbd7 8. Bd3
e5 9. O-O exd4 10. Bxd4 Re8 11. Rfe1 Qc7 12. Be3 b5 13. a3 a6 14. Bh6 Ne5 15.
Nh2 Bh8 16. Rad1 c5 17. f4 Ned7 18. Bxb5 axb5 19. e5 dxe5 20. Nxb5 Qc6 21. Nd6
Bb7 22. Nxe8 Rxe8 23. f5 e4 24. Nf1 Nd5 25. Ne3 N7b6 26. c3 Nxe3 27. Qxe3 Nc4
28. Qg3 Nxb2 29. Rb1 Be5 30. Qe3 Nd3 31. Rf1 Bxc3 32. Kh1 Bd4 33. Qe2 Ba6 34.
Qa2 c4 0-1

[Event "104th ch-GBR 2017"]
[Site "Llandudno WLS"]
[Date "2017.08.06"]
[Round "9.5"]
[White "Hawkins, Jonathan"]
[Black "Wells, Peter K"]
[Result "1/2-1/2"]
[WhiteTitle "GM"]
[BlackTitle "GM"]
[WhiteElo "2582"]
[BlackElo "2434"]
[WhiteFideId "412686"]
[BlackFideId "400327"]
[EventDate "2017.07.29"]

1. Nf3 d5 2. d4 Nf6 3. c4 e6 4. Nc3 c6 5. e3 Nbd7 6. Qc2 b6 7. Bd3 Bb7 8. O-O
Be7 9. e4 dxe4 10. Nxe4 c5 11. Rd1 Qc7 12. Bg5 h6 13. Bh4 Nxe4 14. Bxe4 Bxh4 15.
Nxh4 cxd4 16. Bxb7 Qxb7 17. Rxd4 O-O 18. Rad1 Nf6 19. f4 Rac8 20. Nf3 b5 21. Qb3
a6 22. a4 Rc5 23. Ne5 Qc7 24. cxb5 axb5 25. axb5 Rb8 26. b6 Rxb6 27. Rd8+ Kh7
28. Qd3+ g6 29. Rf8 Rd5 30. Rxf7+ Qxf7 31. Nxf7 Rxd3 32. Rxd3 Rxb2 33. g3 Rb1+
34. Kg2 Rb2+ 35. Kh3 Re2 36. Ra3 Rd2 37. Ne5 g5 38. Ra7+ Kg8 39. fxg5 hxg5 40.
Re7 g4+ 41. Kh4 Rxh2+ 42. Kg5 Nh7+ 43. Kxg4 Rh6 44. Kf4 Rf6+ 45. Ke3 Ng5 46. g4
Rf1 47. Ra7 Nf7 48. Nf3 Rb1 49. g5 Rb3+ 50. Kf4 Rb4+ 51. Kg3 Re4 52. Rb7 Ne5 53.
Nxe5 Rxe5 54. Kg4 Rf5 55. Kh5 Rf7 56. Rxf7 Kxf7 57. Kh6 Kg8 58. Kg6 1/2-1/2

[Event "104th ch-GBR 2017"]
[Site "Llandudno WLS"]
[Date "2017.08.06"]
[Round "9.6"]
[White "Pert, Nicholas"]
[Black "Horton, Andrew P"]
[Result "1/2-1/2"]
[WhiteTitle "GM"]
[BlackTitle "FM"]
[WhiteElo "2558"]
[BlackElo "2324"]
[WhiteFideId "403989"]
[BlackFideId "424269"]
[EventDate "2017.07.29"]

1. d4 Nf6 2. Nf3 e6 3. Bf4 b6 4. e3 Bb7 5. Nbd2 c5 6. c3 Be7 7. h3 cxd4 8. cxd4
O-O 9. Bd3 d5 10. O-O Nc6 11. a3 Rc8 12. Rc1 h6 13. Qe2 Bd6 14. Bxd6 Qxd6 15.
Ba6 Bxa6 16. Qxa6 Rc7 17. Rc3 Nb8 18. Qd3 Rfc8 19. Rfc1 Rxc3 20. Rxc3 Rxc3 21.
Qxc3 Qc6 1/2-1/2

[Event "104th ch-GBR 2017"]
[Site "Llandudno WLS"]
[Date "2017.08.06"]
[Round "9.7"]
[White "Hebden, Mark L"]
[Black "Eggleston, David J"]
[Result "1/2-1/2"]
[WhiteTitle "GM"]
[BlackTitle "IM"]
[WhiteElo "2477"]
[BlackElo "2394"]
[WhiteFideId "400084"]
[BlackFideId "412120"]
[EventDate "2017.07.29"]

1. d4 Nf6 2. Nf3 b6 3. Bg5 Bb7 4. Nbd2 e6 5. c3 Be7 6. e3 O-O 7. Bd3 c5 8. h4 d6
9. Qe2 Nbd7 10. O-O-O cxd4 11. exd4 e5 12. dxe5 dxe5 13. Ne4 Qc7 14. Nxf6+ Bxf6
15. Bf5 Rfd8 16. Rxd7 Rxd7 17. Bxf6 gxf6 18. Nxe5 Rd4 19. Nd3 Bc8 20. Be4 Rb8
21. Qe3 Ra4 22. Re1 Kg7 23. g3 Rxa2 24. Kb1 Ra4 25. Nf4 Qe5 26. Bc2 Qxe3 27.
Rxe3 Ra5 28. Re8 Re5 29. Rd8 Ra8 30. Kc1 a5 31. g4 Bb7 32. Rd7 Bc8 33. Rd8 Bb7
34. Rd7 Bc8 35. Rd8 1/2-1/2

[Event "104th ch-GBR 2017"]
[Site "Llandudno WLS"]
[Date "2017.08.06"]
[Round "9.8"]
[White "Palliser, Richard J D"]
[Black "Williams, Simon K"]
[Result "1-0"]
[WhiteTitle "IM"]
[BlackTitle "GM"]
[WhiteElo "2408"]
[BlackElo "2442"]
[WhiteFideId "407372"]
[BlackFideId "404454"]
[EventDate "2017.07.29"]

1. e4 e6 2. d4 d5 3. Nd2 Nf6 4. e5 Nfd7 5. Bd3 c5 6. c3 Nc6 7. Ngf3 g5 8. h3 h5
9. Nf1 cxd4 10. cxd4 Rg8 11. Be3 g4 12. hxg4 hxg4 13. N3d2 Qb6 14. Nb3 a5 15. a4
f5 16. Ng3 Qd8 17. Rh7 Bb4+ 18. Ke2 Nf8 19. Rh6 Be7 20. Qh1 Kd7 21. Rc1 Kc7 22.
Qh5 Rg7 23. Rh8 Bd7 24. Qh6 Rf7 25. Bf4 Kb6 26. Bb5 Nb4 27. Nc5 Bxb5+ 28. axb5
Bxc5 29. Rxc5 Qd7 30. Qh1 Rh7 31. Rxh7 Qxh7 32. Qc1 Ng6 33. Bg5 Qd7 34. Nh5 Ne7
35. Nf6 Qd8 36. Ng8 Qxg8 37. Bxe7 Qe8 38. Bd6 Ka7 39. b6+ Ka6 40. Qa1 Nc6 41. b4
Kxb6 42. b5 1-0